000 00770nam a2200157 i 4500
001 181981
003 ES-MaACL
005 20230906221513.0
008 130520s1843 sp |||| | spa d
110 2 _aSociedad para Propagar y Mejorar la Educación del Pueblo.
_9134919
245 1 0 _aActa de la quinta Junta General de la Sociedad para Propagar y Mejorar la Educación del Pueblo
_b: celebrada el día 17 de abril de 1843, o Relación de las operaciones y progresos de esta Sociedad durante el cuarto año de su establecimiento.
260 _aMadrid :
_b[s.n.],
_c1843 (
_fImp. del Colegio de Sordo-Mudos y Ciegos)
300 _a56 p. ;
_c19 cm.
610 2 4 _aSociedad para Propagar y Mejorar la Educación del Pueblo-
_vActas.
_9134920
852 _aES-MaACL
_jT-11-F-23
999 _c181981
_d181981